Loading...
Science - Chemistry | 6 | 1 | 2 | 1 | 90 | 22 | 39.86 | 6 | 7 |
Science - Physics | 5 | 2 | 1 | 3 | 90 | 39 | 72.29 | 4 | 7 |
Science - Biology | 4 | 3 | 2 | 1 | 80 | 30 | 63.29 | 4 | 7 |
Science - Other Science | 3 | 3 | 1 | 0 | 70 | 20 | 58.50 | 6 | 6 |
History - European History | 2 | 1 | 0 | 0 | 40 | 24 | 55.00 | 2 | 3 |
Current Events | 2 | 0 | 0 | 0 | 30 | 43 | 46.00 | 0 | 2 |
Fine Arts - Other Fine Arts | 2 | 0 | 0 | 0 | 30 | 67 | 67.50 | 0 | 2 |
Religion | 1 | 1 | 0 | 0 | 25 | 41 | 63.50 | 1 | 2 |
Literature - World Literature | 0 | 2 | 0 | 0 | 20 | 86 | 94.50 | 2 | 2 |
Social Science | 1 | 0 | 0 | 0 | 15 | 37 | 37.00 | 1 | 1 |
History - World History | 1 | 0 | 0 | 0 | 15 | 60 | 60.00 | 0 | 1 |
Philosophy | 1 | 0 | 0 | 0 | 15 | 38 | 38.00 | 1 | 1 |
Pop Culture | 0 | 1 | 0 | 0 | 10 | 121 | 121.00 | 0 | 1 |
Other Academic | 0 | 1 | 0 | 0 | 10 | 82 | 82.00 | 1 | 1 |
History - Other History | 1 | 0 | 1 | 0 | 10 | 28 | 28.00 | 1 | 1 |
History - American History | 0 | 1 | 0 | 0 | 10 | 93 | 93.00 | 0 | 1 |
Fine Arts - Visual Fine Arts | 0 | 1 | 0 | 1 | 10 | 131 | 131.00 | 0 | 1 |